|
|
|
|
| LEADER |
04193nam a22004333i 4500 |
| 001 |
EBC6956018 |
| 003 |
MiAaPQ |
| 005 |
20231204023223.0 |
| 006 |
m o d | |
| 007 |
cr cnu|||||||| |
| 008 |
231204s2019 xx o ||||0 ger d |
| 020 |
|
|
|a 9783839444931
|q (electronic bk.)
|
| 020 |
|
|
|z 9783837644937
|
| 035 |
|
|
|a (MiAaPQ)EBC6956018
|
| 035 |
|
|
|a (Au-PeEL)EBL6956018
|
| 035 |
|
|
|a (OCoLC)1121056811
|
| 040 |
|
|
|a MiAaPQ
|b eng
|e rda
|e pn
|c MiAaPQ
|d MiAaPQ
|
| 100 |
1 |
|
|a Kahlenborn, Walter.
|
| 245 |
1 |
0 |
|a Auf dem Weg zu einer Green Economy :
|b Wie die sozialökologische Transformation gelingen kann.
|
| 250 |
|
|
|a 1st ed.
|
| 264 |
|
1 |
|a Bielefeld :
|b transcript,
|c 2019.
|
| 264 |
|
4 |
|c {copy}2019.
|
| 300 |
|
|
|a 1 online resource (303 pages)
|
| 336 |
|
|
|a text
|b txt
|2 rdacontent
|
| 337 |
|
|
|a computer
|b c
|2 rdamedia
|
| 338 |
|
|
|a online resource
|b cr
|2 rdacarrier
|
| 490 |
1 |
|
|a Neue Ökologie
|
| 505 |
0 |
|
|a Cover -- Inhalt -- 1. Vorwort -- 2. Einleitung -- 3. Theoretische Ansätze zum Verständnis von Transformationsprozessen in Richtung einer Green Economy -- 3.1 Pfadabhängigkeiten -- 3.1.1 Hintergrund -- 3.1.2 Pfadabhängigkeiten als Analyserahmen für »evolution2green« -- 3.2 Models of Change -- 3.2.1 Hintergrund -- 3.2.2 Der MoC-Ansatz als Analyserahmen für »evolution2green« -- 3.3 Effizienz, Konsistenz und Suffizienz als Basisstrategien einer Green Economy -- 3.3.1 Hintergrund -- 3.3.2 Effizienz, Suffizienz und Konsistenz als Analyserahmen für »evolution2green« -- 3.4 Übergreifendes Systemmodell -- 3.4.1 Die Analyseansätze im Überblick -- 3.4.2 Konturen eines übergreifenden Systemmodells -- 3.4.3 Verwendung im Rahmen des Buches -- 4. Pfadabhängigkeiten, Hindernisse und Erfolgsfaktoren für Transformationsprozesse in Richtung einer Green Economy -- 4.1 Pfadabhängigkeiten und Hindernisse aus 15 Transformationsfeldern in den Bereichen Wärme, Mobilität, Ressourcen und Landwirtschaft -- 4.1.1 Die Auswahl der 15 Transformationsfelder -- 4.1.2 Pfadabhängigkeiten in den vier Wendethemen -- 4.1.3 Pfadabhängigkeiten: Typen und Zusammenhänge -- 4.2 Erfolgsfaktoren aus 20 Transformationsbeispielen in den Bereichen Wärme, Mobilität und Ressourcen -- 4.2.1 Transformationsbeispiele und Analysemethodik -- 4.2.2 Analyse entlang zentraler Erfolgsfaktoren -- 4.2.3 Analyse entlang unterschiedlicher Typen von Transformationsbeispielen -- 4.2.4 Analyse entlang des Prozessverlaufs -- 4.2.5 Fazit -- 5. Den Pfadwechsel gestalten - Handlungsansätze für die Wende in drei Transformationsfeldern -- 5.1 Pfadwechselkonzeption für eine Green Economy -- 5.2 Roadmap für eine Wärmewende im Gebäudesektor -- 5.2.1 Herausforderung Wärmewende -- 5.2.2 Pfadabhängigkeiten -- 5.2.3 Den Pfadwechsel gestalten: Politische Maßnahmen und Initiativen -- 5.2.4 Roadmap Wärmewende im Überblick.
|
| 505 |
8 |
|
|a 5.3 Roadmap E-Mobilität -- 5.3.1 Batterieelektrische Fahrzeuge -- 5.3.2 Beurteilung der alternativen Antriebe mit Blick auf das Jahr 2050 -- 5.3.3 Pfadabhängigkeiten und Hemmnisse -- 5.3.4 Ansatzpunkte eines Pfadwechsels -- 5.3.5 Maßnahmen und politische Initiativen -- 5.3.6 Roadmap Elektromobilität im Überblick -- 5.4 Roadmap Produkte länger nutzen -- 5.4.1 Das Problem der Obsoleszenz -- 5.4.2 Pfadabhängigkeiten -- 5.4.3 Herausforderungen und Maßnahmen für einen Pfadwechsel -- 5.4.4 Akteure und Zeithorizont -- 6. Fazit -- Literatur -- Autorinnen und Autoren der Kapitel.
|
| 588 |
|
|
|a Description based on publisher supplied metadata and other sources.
|
| 590 |
|
|
|a Electronic reproduction. Ann Arbor, Michigan : ProQuest Ebook Central, 2023. Available via World Wide Web. Access may be limited to ProQuest Ebook Central affiliated libraries.
|
| 655 |
|
4 |
|a Electronic books.
|
| 700 |
1 |
|
|a Clausen, Jens.
|
| 700 |
1 |
|
|a Behrendt, Siegfried.
|
| 700 |
1 |
|
|a Göll, Edgar.
|
| 776 |
0 |
8 |
|i Print version:
|a Kahlenborn, Walter
|t Auf dem Weg zu einer Green Economy
|d Bielefeld : transcript,c2019
|z 9783837644937
|
| 797 |
2 |
|
|a ProQuest (Firm)
|
| 830 |
|
0 |
|a Neue Ökologie
|
| 856 |
4 |
0 |
|u https://ebookcentral.proquest.com/lib/matrademy/detail.action?docID=6956018
|z Click to View
|